| 000 | 00777cab a2200241 4500 | ||
|---|---|---|---|
| 001 | WB2807-18 | ||
| 008 | 090401t1992 xxu||||| |||| 00| 0 eng d | ||
| 035 | _a(Sirsi) u33223 | ||
| 041 | _aeng | ||
| 245 | _aChartered surveyors seek to stop boom-bust cycle | ||
| 260 | _c1992 | ||
| 350 | _a0 | ||
| 490 |
_aRICS Press Release _v(PR9/92) 14 February 1992 (2) |
||
| 520 | _aThe RICS Quantity Surveyors Division President Martin Wade calls for the introduction of economic modelling and a review of current fiscal policy. | ||
| 650 | _aCONSTRUCTION INDUSTRY | ||
| 650 | _aECONOMIC FORECASTING | ||
| 650 | _aECONOMIC MODELLING | ||
| 650 | _aFISCAL POLICY | ||
| 650 | _aRICS | ||
| 690 | _aPROPERTY-PROPERTY FINANCE AND INVESTMENT | ||
| 942 | _n0 | ||
| 948 | _c04/03/1997 | ||
| 999 |
_c22208 _d22208 |
||